Follow That Line: One Tree Hill Quiz Stats

 Plays Quiz not verified by Sporcle

Challenge
Share
Tweet
Embed
Score 0/25 Timer 12:00
0 Plays Today
% Correct
I break your face
94%
Nice legs
92.5%
After high school I have cheer practice
92.1%
The person you love decides to love you back
90.4%
Uh. You put a ball through a hoop
87.8%
With me?
87.4%
Somebody's got to
87%
And it's your home
86.9%
It's in my fist
85.1%
That's really gross
84.2%
I always had a pair, Danny. Just ask your wife
84%
And sometimes, all you need is one
81.6%
I am the captain of my soul
77.7%
% Correct
You know, since you're screwing my leftovers
75.4%
And apparently half of them are naked
75%
I don't have homies
72.3%
Life's a bitch
69.1%
No excuses
67.3%
We break hearts not hymens
65.3%
There is some evidence to support that
64.9%
Try a cold shower
64%
Gucci? I don't think so
63.7%
No but's, because you ain't got one
61.9%
Silence only makes them stronger
56.2%
In bed. Now that's true
54.5%

You're not logged in!

Compare scores with friends on all Sporcle quizzes.
OR
Log In

You Might Also Like...

Show Comments

Extras

Created May 17, 2017ReportNominate
Tags:One Tree Hill

Top Quizzes Today


Score Distribution

Your Account Isn't Verified!

In order to create a playlist on Sporcle, you need to verify the email address you used during registration. Go to your Sporcle Settings to finish the process.

Report this User

Report this user for behavior that violates our Community Guidelines.

Details: